000 00748cab a2200253 4500
001 ABS47549
008 090401t1992 xxu||||| |||| 00| 0 eng d
035 _a(Sirsi) u62458
041 _aeng
100 _aMoney, B.
245 _aAll change for DTp spec
260 _c1992
350 _a0
490 _aCivil Engineering Surveyor
_v17(9) November 1992, 9-10(2)
520 _aHighlights the differences between the 7th and previous editions of the DTp "Specification for Highway works - 7th edition".
650 _aCIVIL ENGINEERING
650 _aContracts
_96232
650 _aHIGHWAY WORKS
650 _aROAD MAINTENANCE
650 _aSPECIFICATION
690 _aTRANSPORT AND COMMUNICATIONS
942 _n0
948 _c04/03/1997
999 _c38809
_d38809